000
00288nam a2200097Ia 4500
008
220216s9999 xx 000 0 und d
100
_a
Sudhakumari B
245
0
_a
Dynamics of zinc in rubber growing soils
260
_b
Ph.D. Thesis, Mahatma Gandhi University, Kottayam. 120 p.
942
_c
BS
999
_c
53183
_d
53183